Biographical Directory of South African Lawyers / (Record no. 972)
[ view plain ]
| 000 -LEADER | |
|---|---|
| fixed length control field | 00503nam a22001577a 4500 |
| 005 - DATE AND TIME OF INPUT | |
| control field | 20231127094842.0 |
| 008 - DATA ELEMENTS--GENERAL INFORMATION | |
| fixed length control field | 231127b |||||||| |||| 00| 0 eng d |
| 041 ## - LANGUAGE CODE | |
| Language code of text | English / Afrikaans |
| 082 ## - SHELF NUMBER | |
| DDC number | 340.16 UYS |
| 100 ## - MAIN AUTHOR | |
| Main author's name | Uys, JF |
| Language of a work | English |
| 245 ## - TITLE STATEMENT | |
| Title | Biographical Directory of South African Lawyers / |
| Statement of responsibility, etc. | JF Uys |
| 260 ## - PUBLICATION, DISTRIBUTION, ETC. | |
| Place of publication, distribution, etc. | Braamfontein : |
| Name of publisher, distributor, etc. | Juridata (Pty) Ltd, |
| Date of publication, distribution, etc. | 1970 |
| 300 ## - PHYSICAL DESCRIPTION | |
| Other physical details | xlix, 345 pages ; |
| Dimensions | 26 cm. |
| 650 ## - SUBJECT` | |
| Broad subject | Legal practice |
| Own subject terms | Law |
| 942 ## - ADDED ENTRY ELEMENTS (KOHA) | |
| Item type | Books |
| 942 ## - ADDED ENTRY ELEMENTS (KOHA) | |
| -- | ALISON_BN_VRIES |
| Source of classification or shelving scheme | Not for loan | Collection code | Home library | Current library | Shelving location | Date acquired | Full call number | Barcode | Price effective from | Koha item type |
|---|---|---|---|---|---|---|---|---|---|---|
| Dewey Decimal Classification | TEXT BOOKS | LAW SOCIETY OF NAMIBIA LIBRARY - WINDHOEK | LAW SOCIETY OF NAMIBIA LIBRARY - WINDHOEK | General Shelf | 11/27/2023 | 340.16 UYS | LSN/1992/8 | 11/27/2023 | Books |
